Seminario de educación en población. Síntesis de la reunión y documentos de las presentaciones
Tallennettuna:
| Yhteisötekijä: | |
|---|---|
| Aineistotyyppi: | Teksti |
| Julkaistu: |
Santiago:
ONU
|
| Tagit: |
Lisää tagi
Ei tageja, Lisää ensimmäinen tagi!
|
MARC
| LEADER | 00000 a a2200000 04500 | ||
|---|---|---|---|
| 001 | 25199 | ||
| 003 | |||
| 040 | |||
| 090 | |a 182400 | ||
| 110 | |a Naciones Unidas | ||
| 245 | |a Seminario de educación en población. Síntesis de la reunión y documentos de las presentaciones | ||
| 260 | |a Santiago: |b ONU | ||
| 300 | |a 182 p | ||
| 999 | |c 11769 |d 11769 | ||
